Responses for Show #8465 - Friday, August 13, 2021

Matt Amodio game 18.
Last game of Season 37.
Last game with Joe Buck as guest host.
Champion's winnings & consolation amounts matched to KidSmart.

Contestants

[<< previous game]

Nicolle Neulist, a chart caller and freelance writer from Chicago, Illinois

Eric Shi, a project manager originally from Houston, Texas

Matt Amodio, a Ph.D. student from New Haven, Connecticut (whose 17-day cash winnings total $547,600)

[next game >>]

Jeopardy! Round responses

THE LATE, GREAT CHADWICK BOSEMAN
EVENTS OF THE 1850s
NO EGRETS
THE PROUD PARENT COMPANY
THINK BIG!
IDIOMS
    $200 23
(Denzel) Washington

Eric
    $200 28
the Charge of the Light Brigade

Nicolle
    $200 30
a falcon

Nicolle
    $200 24
Facebook

Eric
    $200 29
a maze

Eric
    $200 26
hand in the cookie jar

Nicolle
    $400 18
T'Challa (Black Panther)

Nicolle
    $400 20
(the) Alps

Matt
    $400 21
a hummingbird

Eric
    $400 22
Boeing

Triple Stumper
    $400 27
Captain Underpants

Matt
    $400 25
hug it out

Triple Stumper
    $600 12
(Joe: [*], who broke MLB's color barrier in 1947.)

(Jackie) Robinson

Matt
    $600 14
John Brown

Nicolle
    $600 19
passenger pigeon

Matt
    $600 17
Johnson & Johnson

Eric
    $600 16
Sydney

Eric
    $600 15
the script

Nicolle
    $800 6
James Brown

Nicolle
    $800 5
(Nicolle: What is Thailand?)

Siam

EricNicolle
    $800 13
pelican

Matt
    $800 10
Coca-Cola

Matt
    $800 9
Uttar Pradesh

Nicolle
    $2,000 8
hold water

Nicolle
    $1000 11
Howard University

Eric
    $1000 1
Napoleon

Nicolle
    $1000 4
ptarmigan

Matt
    $1000 7
Microsoft

Nicolle
    $1000 3
minaret

Matt
    $1000 2
the straw that broke the camel's back

Matt

Scores at the first commercial break (after clue 15):

Matt Eric Nicolle
$5,200 $1,800 $6,000

Scores at the end of the Jeopardy! Round:

Matt Eric Nicolle
$6,600 $4,000 $7,000

Double Jeopardy! Round responses

CANALS
NOVEL VOCABULARY
HELEN, NOT OF TROY
CROSSWORD CLUES "Q"
LOST
FOUNDRY
    $400 28
(Eric: What is France?)

Germany

MattEric
    $400 26
a hat

Nicolle
    $400 29
(Helen) Mirren

Nicolle
    $400 30
quarrel

Matt
    $400 25
marbles

Matt
    $400 27
Big Ben

Nicolle
    $800 21
(the) Panama Canal

Matt
    $800 20
(Stephen) King

Matt
    $800 1
(Joe: Hear me roar, yes.)

Reddy

Nicolle
    $800 22
quibble

Nicolle
    $800 24
the shuffle

Eric
    $800 23
bronze

Nicolle
    $1200 7
Amsterdam

Nicolle
    $7,800 5
Pollyanna

Matt
    $1200 14
Dead Man Walking

Nicolle
    $1200 19
Quisling

Matt
    $1200 18
(Joe: [Points at Matt] Yes, and don't sing it; it will not leave your head, it's been in mine for three weeks.)
[Laughter]

"I Lost On Jeopardy"

Matt
    $1200 11
Monitor

Matt
    $1600 6
the Mediterranean & the Red Sea

Matt
    $1600 4
David Copperfield

Matt
    $1600 13
(Helen Gurley) Brown

Matt
    $1600 3
quizzical

Matt
    $1600 17
Lost Generation

Matt
    $1600 10
(Matt: What's Ford?)

U.S. Steel

MattNicolle
    $2000 12
(DeWitt) Clinton

Matt
    $2000 9
(Eric: What is A Zero-Sum Game?)

Catch-22

EricNicolle
    $2000 16
Helen Frankenthaler

Triple Stumper
    $2000 2
(Matt: What's... quantranarian?)

quadragenarian

Matt
Triple Stumper
    $5,000 15
(Nicolle: [Sighs, mutters] Who were...
[Time's up]
(Nicolle: Israelites?)

the lost tribes of Israel

Nicolle
    $2000 8
(Henry) Bessemer

Nicolle

Scores at the end of the Double Jeopardy! Round:

Matt Eric Nicolle
$27,200 $2,400 $13,600
(lock-tie game)

[wagering suggestions for these scores]

Final Jeopardy! Round responses

19th CENTURY AMERICAN WOMEN
(Joe: [To Nicolle] [*] is correct; you are halfway there.)
EricWho are :)?
$0
NicolleWho are Tubman + Truth?
$13,600
MattWho is Anthony & Stanton?
$1
(2 of) (Sojourner) Truth, (Susan B.) Anthony, or (Elizabeth Cady) Stanton

Final scores:

Matt Eric Nicolle
$27,201 $2,400 $0
18-day champion: $574,801 2nd place: $2,000 3rd place: $1,000

Game dynamics:

Coryat scores:

Matt Eric Nicolle
$20,600 $2,400 $17,400
24 R
(including 1 DD),
2 W
9 R,
2 W
22 R
(including 1 DD),
2 W
(including 1 DD)

Combined Coryat: $40,400

[game] [game scores] [suggest correction]

Game tape date: 2021-05-04
The J! Archive is created by fans, for fans. Scraping, republication, monetization, and malicious use prohibited; this site may use cookies and collect identifying information. See terms. The Jeopardy! game show and all elements thereof, including but not limited to copyright and trademark thereto, are the property of Jeopardy Productions, Inc. and are protected under law. This website is not affiliated with, sponsored by, or operated by Jeopardy Productions, Inc. Join the discussion at JBoard.tv.